| 000 | 00468nam a22001457a 4500 | ||
|---|---|---|---|
| 008 | 170425b xxu||||| |||| 00| 0 eng d | ||
| 020 | _a9715501370 | ||
| 082 |
_21994 _aDFil 899.2111 _bP19 |
||
| 245 |
_aPanulaan at dulaang Leytenhon - Samarnon/ _cCompiled and translated by Jaime B. Polo |
||
| 260 |
_aQuezon City: _bADMU Press, _cc1994. |
||
| 300 |
_aix, 370 pages; _c17 cm. |
||
| 650 | 0 |
_920254 _aFilipino poetry. |
|
| 650 | 0 |
_920255 _aFilipino drama. |
|
| 942 |
_2ddc _cDFIL |
||
| 999 |
_c6684 _d6684 |
||